| 000 | 00772nam a2200229 u 4500 | ||
|---|---|---|---|
| 005 | 20251209063955.0 | ||
| 008 | 090421s2005 es r 000 0 spa d | ||
| 020 | _a8470741780 (10 dígitos) | ||
| 020 | _a9788470741784 (13 dígitos) | ||
| 035 | _aUPN01000170254 | ||
| 049 | _aCG | ||
| 050 | 4 |
_aHF5549.5 C6 _bM3.3 |
|
| 100 | 1 | _aMarín Calahorro, Francisco | |
| 245 | 1 | 0 |
_aGestión técnica y de la comunicación en situaciones especiales : _b(crisis, emergencias y negociación) / _cFrancisco Marín Calahorro. |
| 260 |
_aMadrid : _bFragua, _cc2005. |
||
| 300 | _a206 p. | ||
| 440 | 0 |
_aFragua comunicación ; _v19 |
|
| 650 | 4 |
_aCOMUNICACION EN LA ADMINISTRACION _98116 |
|
| 650 | 4 |
_aSolución de conflictos _96402 |
|
| 650 | 2 |
_aNegociación _97589 |
|
| 905 | _aLibro | ||
| 999 |
_c142359 _d142359 |
||